000 01097namaa22002051ia4500
003 OSt
005 20250221143805.0
008 250210b2010 dr ar|js t|||o00| z1spa d
040 _aCGID0019
_bspa
_cCGID00119
_erda
082 0 4 _aIDEICE RD 371.3 I59mi 2010
_221
110 _aInstituto Dominicano de Evaluación e Investigación de la Calidad Educativa
245 _aMemoria
_b IDEICE 2010
260 _aSanto Domingo :
_bIDEICE
_c2011
300 _a29p.
310 _aAnual
362 _a2011
505 _aLa memoria de una institución se constituye en la oportunidad para dejar plasmadas las realizaciones y logros del desempeño que hayan tenido, en la ejecución de su propuesta programática. Por lo tanto, la Memoria IDEICE 2010 cumple con el propósito de rendir cuentas al país y sus organizaciones, así como al público interesado, de las realizaciones alcanzadas en este año del 2010 con los fondos que fueron destinados para la realización de sus actividades enmarcadas en los diferentes programas institucionales.
650 _a Memorias institucionales
942 _2ddc
_cREV
_n0
999 _c12491
_d12491